00272nam a2200097Ia 4500008004100000041000800041082000800049100002200057245006300079260003200142221102s9999 xx 000 0 und d aeng bTro aTropper Richard aProgramming in Assembly Langugage on the IBM PC bJaico Publication House